Derecho Mercantil contrato societario y derechos individuales de los accionistas (Registro nro. 50846)

Detalles MARC
000 -ENCABEZADO
Número de control [NR] 00789nam a2200217Ia 4500
005 - FECHA Y HORA DE LA ÚLTIMA TRANSACCIÓN
control field 20211111074331.0
008 - DE LONGITUD FIJA DE DATOS DE ELEMENTOS - INFORMACIÓN GENERAL
Elementos de longitud fija [NR] 130821s1988 ag gr spa
020 ## - NUMERO INTERNACIONAL NORMALIZADO PARA LIBROS [R]
Número Internacional Normalizado del libro [NR] 9505082770
040 ## - FUENTE DE CATALOGACION [NR]
Agencia de catalogación original [NR] Co-BoUCM
Idioma de catalogación [NR] spa
041 00 - CODIGO DE IDIOMA [R]
Código de idioma para texto/pista de sonido o título separado [R] Español
100 1# - ASIENTO PRINCIPAL--NOMBRE PERSONAL [NR]
Nombre personal [NR] Gutiérrez Falla, Laureano F.
ID Autoridad 163047
245 10 - MENCION DE TITULO [NR]
Título [NR] Derecho Mercantil contrato societario y derechos individuales de los accionistas
Mención de responsabilidad, etc. [NR] Laureano F. Gutiérrez Falla
260 ## - PUBLICACION, DISTRIBUCION, ETC. (PIE DE IMPRENTA) [R]
Lugar de publicación, distribución, etc. [R] Buenos Aires (Argentina)
Nombre del editor, distribuidor, etc. [R] Editorial Astrea
Fecha de publicación, distribución, etc. [R] 1988
300 ## - DESCRIPCION FISICA [R]
Extensión [R] 529 páginas
504 ## - NOTA DE BIBLIOGRAFIA, ETC. [R]
Nota de bibliografía, etc. [NR]
650 04 - ASIENTO SECUNDARIO DE MATERIA - TERMINO TEMATICO [R]
Término temático o nombre geográfico como elemento de entrada [NR] Contratos
9 (RLIN) 11818
650 04 - ASIENTO SECUNDARIO DE MATERIA - TERMINO TEMATICO [R]
Término temático o nombre geográfico como elemento de entrada [NR] Sociedades civiles (Derecho)
Subdivisión general [R] Legislación
9 (RLIN) 163048
650 04 - ASIENTO SECUNDARIO DE MATERIA - TERMINO TEMATICO [R]
Término temático o nombre geográfico como elemento de entrada [NR] Sociedades comerciales
Subdivisión general [R] Legislación
9 (RLIN) 24740
942 ## - ELEMENTOS DE ENTRADA AGREGADOS (KOHA)
Tipo de ítem principal el descrito en 300a Libro
Tema principal Derecho
Edición 1
Parte restante de la signatura top. G984
Sistema de clasificación DEWEY
Clasificación 346.0682
Existencias
Fecha de último préstamo Total préstamos Total Renewals Signatura topográfica Código de barras Última vez visto Ejemplar Price effective from Tipo de ítem Perdido Sistema de clasificación Dañado No prestable Tipo de ítem específico Suprimido Ubicación habitual Ubicación actual Localización Fecha de creación Forma de adquisición Costo
20/11/2025 12 2 346.0682 G984 100080982 13/12/2025 Ej.1 03/02/2013 Libro   DEWEY     Libro   Claustro Claustro 3er piso 30/09/2006 Compra 126000.00